India 2050 : (Record no. 90626)
[ view plain ]
| 000 -LEADER | |
|---|---|
| fixed length control field | 01483nam a22002177a 4500 |
| 005 - DATE AND TIME OF LATEST TRANSACTION | |
| control field | 20150113115611.0 |
| 010 ## - LCCN (DPL NO) | |
| LC control number | ENG-111446 |
| 020 ## - INTERNATIONAL STANDARD BOOK NUMBER | |
| International Standard Book Number | 9789351500438 |
| Terms of availability | 995.00 |
| 035 ## - SYSTEM CONTROL NUMBER | |
| System control number | EN-94978 |
| 037 ## - SOURCE OF ACQUISITION | |
| Source of stock number/acquisition | DABD/PUB |
| 082 00 - DEWEY DECIMAL CLASSIFICATION NUMBER | |
| Classification number | 338.95407 |
| Edition number | 23 |
| 100 1# - MAIN ENTRY--PERSONAL NAME | |
| Personal name | Agarwala, Ramgopal |
| 245 10 - TITLE STATEMENT | |
| Title | India 2050 : |
| Remainder of title | a roadmap to sustainable prosperity / |
| Statement of responsibility, etc | by Ramgopal Agarwala |
| 260 ## - PUBLICATION, DISTRIBUTION, ETC. (IMPRINT) | |
| Place of publication, distribution, etc | New Delhi |
| Name of publisher, distributor, etc | Sage Publications |
| Date of publication, distribution, etc | 2014 |
| 270 ## - ADDRESS | |
| Address | B1/1-1, Mohan Cooperative Industrial Area, Mathura Road |
| City | New Delhi |
| Postal code | 110044 |
| 300 ## - PHYSICAL DESCRIPTION | |
| Extent | xxxv,350p. |
| Dimensions | 23cm(Hb) |
| 500 ## - GENERAL NOTE | |
| General note | Includes bibliographical references and index. |
| 505 0# - FORMATTED CONTENTS NOTE | |
| Formatted contents note | Foreword -- Preface -- Acknowledgements -- Introduction -- Ending international income apartheid in the 21st century -- India's growth story : a basis for confidence but in need of course- -- Correction -- A new paradigm for sustainable prosperity -- Growth prospects : downside scenario and preferred scenario -- Export-oriented knowledge economy for sustainable economic prosperity -- Ensuring social sustainability of prosperity -- Financially sustainable resource mobilization -- Making prosperity ecologically sustainable -- Towards decentralized knowledge-centric cities in prosperous India 2050 -- Getting the government do its duty of providing public goods -- Some overarching themes -- India at cross-roads -- Bibliography -- Index -- About the author. |
| 650 #0 - SUBJECT ADDED ENTRY--TOPICAL TERM | |
| Topical term or geographic name as entry element | Economic development |
| Geographic subdivision | India. |
| 942 ## - ADDED ENTRY ELEMENTS (KOHA) | |
| Source of classification or shelving scheme | Dewey Decimal Classification |
| Item type | English Books |
| Call number suffix | AGA |
| Classification part | 338.95407 |
| Withdrawn status | Lost status | Not for loan | Collection code | Home library | Current library | Date acquired | Source of acquisition | Cost, normal purchase price | Full call number | Barcode | Copy number | Cost, replacement price | Koha item type |
|---|---|---|---|---|---|---|---|---|---|---|---|---|---|
| Not For Loan | Non-fiction | D.B.Act.Division | D.B.Act.Division | 09/01/2015 | DBAD/PUB | 995.00 | 338.95407 AGA | EN-94978 | 1 | 995.00 | English Books |
